| 000 | 00680nam a22002057a 4500 | ||
|---|---|---|---|
| 003 | OSt | ||
| 005 | 20251023021854.0 | ||
| 008 | 251023b |||||||| |||| 00| 0 eng d | ||
| 020 | _a978-971-9905-29-5 | ||
| 040 |
_aDWC-Main lib. _cOC |
||
| 082 | _aFil. 808.042 A581e 2012 | ||
| 100 | _aJaime G. Ang | ||
| 245 |
_aEnglish 102 _b: writing across disciplines : a module text for the world class Filipino college student/ _cJaime G. Ang |
||
| 260 |
_aManila _b: Mindshapers Co. _c, c2012. |
||
| 300 |
_ax, 175 pages _c; 18 cm. |
||
| 504 | _aBibliography: p. 175 | ||
| 650 | _aAcademic writing. | ||
| 650 | _a 2. Writing--Study and teaching. | ||
| 942 |
_2ddc _cBK - FIL _kFil. _n0 |
||
| 999 |
_c5034 _d5034 |
||